000 00884cam a22002534a 4500
001 15499349
003 OSt
005 20131029164606.0
008 081024s2007 esp spa
020 _a978-84-8174-832-1
040 _aDNLM/DLC
_cBMC
_dBTCTA
_dBAKER
_dNLM
_dC#P
_dYDXCP
_dBWX
_dCDX
_dDLC
082 _a611.370
100 1 _aDrake, Richard‏ L.
_98116
245 1 0 _aGray anatomía para estudiantes
_cRichard L. Drake, A. Wayne Vogl, Adam W.M. Mitchell ; [traducción y producción editorial, Diorki]
260 _aMadrid [etc.]
_bElsevier
_ccop. 2007
300 _aXXV, 1058 p.
_bil. col.
_c28 cm.
500 _aÍndice p. 1034-1058
594 _1Traducción de: Gray’s anatomy for students, 1st ed.
650 2 4 _aAnatomía humana
_97938
_xEnseñanza
700 1 _aVogl, Wayne
_98117
700 1 _aMitchell, Adam W.M.
_98118
710 1 _95246
_aDiorki
942 _2ddc
_cBK
999 _c3516
_d3516